|
|
|
|
| LEADER |
01189nam a2200265 a 4500 |
| 001 |
20347 |
| 003 |
BD-DhAAL |
| 008 |
100617s2002 bg b 001 0 eng d |
| 010 |
|
|
|a \\2002286560
|
| 020 |
|
|
|a 9840516345
|
| 040 |
|
|
|a DLC
|c DLC
|d BD-DhAAL
|
| 082 |
0 |
0 |
|a 320.95492
|2 23
|
| 100 |
1 |
|
|a Samaddar, Raṇabir.
|9 13246
|
| 245 |
1 |
0 |
|a Paradoxes of the nationalist time :
|b political essays on Bangladesh /
|c Ranabir Samaddar.
|
| 260 |
|
|
|a Dhaka :
|b University Press,
|c 2002.
|
| 300 |
|
|
|a xii, 188 pages ;
|c 22 cm.
|
| 504 |
|
|
|a Includes bibliographical references and index.
|
| 541 |
1 |
|
|e 20347
|
| 650 |
|
0 |
|a Nationalism
|z Bangladesh.
|
| 651 |
|
0 |
|a Bangladesh
|x Politics and government.
|
| 852 |
4 |
|
|a Ayesha Abed Library
|c General Stacks
|
| 942 |
|
|
|2 ddc
|c BK
|
| 999 |
|
|
|c 8989
|d 8989
|
| 952 |
|
|
|0 0
|1 0
|2 ddc
|4 0
|6 320_954920000000000_SAM
|7 0
|9 11078
|a BIGD
|b BIGD
|c GEN
|d 2010-06-17
|g 300.00
|l 0
|o 320.95492 SAM
|p 3050020347
|r 2010-06-17
|t 1
|w 2010-06-17
|y BK
|x Transferred from BDI to BIGD.
|
| 952 |
|
|
|0 0
|1 0
|2 ddc
|3 Need to change Call number
|4 0
|6 320_954920500000000_RAN
|7 0
|9 20862
|a IGS
|b IGS
|c GEN
|d 2012-07-31
|e The University Press Limited
|g 300.00
|l 1
|m 2
|o 320.9549205 RAN
|p 3010025709
|r 2014-06-10
|s 2013-02-18
|t 2
|w 2012-07-31
|y BK
|